L'imagination dans la pensée de Paul Ricœur fonction poétique du langage et transformation du sujet (notice n° 2222539)

détails MARC
000 -LEADER
fixed length control field 01774cam a2200169 4500500
005 - DATE AND TIME OF LATEST TRANSACTION
control field 20260426010553.0
041 ## - LANGUAGE CODE
Language code of text/sound track or separate title fre
042 ## - AUTHENTICATION CODE
Authentication code dc
100 10 - MAIN ENTRY--PERSONAL NAME
Personal name Thomasset, Alain
Relator term author
245 00 - TITLE STATEMENT
Title L'imagination dans la pensée de Paul Ricœur fonction poétique du langage et transformation du sujet
260 ## - PUBLICATION, DISTRIBUTION, ETC.
Date of publication, distribution, etc. 2005.<br/>
500 ## - GENERAL NOTE
General note 26
520 ## - SUMMARY, ETC.
Summary, etc. Alain Thomasset* suggère ici que les travaux de Ricœur sur la poétique des textes, comme effet de lecture, permettent de mettre en évidence la puissance transformatrice des écrits bibliques sur le sujet qui décide de s’approprier ces textes. Il montre que dans ce processus de formation du sujet croyant, l’imagination joue un rôle considérable comme lieu premier où s’engendrent et se reçoivent des représentations qui permettent une inspiration fondamentale de l’homme, une création d’existence, et qui suscitent une nouvelle manière d’être au monde, à la suite du Christ.
520 ## - SUMMARY, ETC.
Summary, etc. Alain Thomasset suggests that Ricœur’s works about the poetics of texts considered as an effect of reading show the transforming power that biblical writings exercise on a subject who has decided to make them his own. He stresses that in the building process of a believing subject, imagination plays a major role. As a matter of fact it is the first place where representations are generated and received. These representations allow the fundamental inspiration of a human being, a creation of existence, and give rise to a new way of being in the world by following Christ.
786 0# - DATA SOURCE ENTRY
Note Études théologiques et religieuses | 80 | 4 | 2005-12-01 | p. 525-541 | 0014-2239
856 41 - ELECTRONIC LOCATION AND ACCESS
Uniform Resource Identifier <a href="https://shs.cairn.info/revue-etudes-theologiques-et-religieuses-2005-4-page-525?lang=fr&redirect-ssocas=7080">https://shs.cairn.info/revue-etudes-theologiques-et-religieuses-2005-4-page-525?lang=fr&redirect-ssocas=7080</a>

Pas d'exemplaire disponible.

PLUDOC

PLUDOC est la plateforme unique et centralisée de gestion des bibliothèques physiques et numériques de Guinée administré par le CEDUST. Elle est la plus grande base de données de ressources documentaires pour les Étudiants, Enseignants chercheurs et Chercheurs de Guinée.

Adresse

627 919 101/664 919 101

25 boulevard du commerce
Kaloum, Conakry, Guinée

Réseaux sociaux

Powered by Netsen Group @ 2025